One Dance - Drake (All Lyrics) - Statistics

General Stats
  • This quiz has been taken 570 times
  • The average score is 267 of 389
Answer Stats
Lyrics % Correct
I
99%
a
98%
on
98%
one
96%
dance
95%
go
93%
go?
93%
need
93%
in
91%
my
91%
you
90%
time
89%
time,
89%
more
88%
hand
86%
got
85%
that
85%
for
84%
do
82%
your
82%
when
81%
don't
80%
know
80%
know,
80%
me
80%
hennessy
79%
back
76%
(back
76%
baby,
75%
no
75%
way,
75%
way
75%
it
74%
it,
74%
why
74%
like
73%
the
73%
to
73%
front
72%
never
72%
play
72%
that's
72%
I'm
71%
i'm
71%
love
71%
away
70%
style
70%
make
69%
pray
69%
pray,
69%
run
69%
but
68%
hold
68%
OT
68%
taking
68%
not
66%
piece
66%
we
66%
even
65%
grips
65%
and
64%
and)
64%
'fore
64%
much
64%
safe,
64%
streets
63%
powers
60%
waist,
60%
higher
55%
all
54%
friends
52%
wanna
52%
see
51%
there's
51%
as
49%
guidance
49%
wishing
49%
by
47%
strength
47%
reply
46%
gotta
45%
spend
45%
up
45%
up,
45%
fighting
44%
text,
44%
if
42%
silence
42%
soon
42%
stick
42%
had
41%
take
41%
where
40%
where,
40%
(where,
40%
where)
40%
from
39%
bust
38%
'cause
38%
control
38%
oh
38%
nobody
37%
ends
36%
slow
36%
lose
35%
makes
34%
you're
33%
i'll
31%
we've
31%
down,
29%
down
29%
girl
27%
girl,
27%
yeah,
27%
she
24%
tell
23%
whine
23%
oti,
20%
pretty
18%
wine,
17%
long
16%
then
14%
just
13%
steady
8%
yes,
8%
fine
7%
mm
3%
No matching quizzes found
Score Distribution
Percent of People with Each Score
Percentile by Number Answered
Your Score History
You have not taken this quiz